| 000 | 00721nam a2200181Ia 4500 | ||
|---|---|---|---|
| 008 | 100921s9999 xx 000 0 und d | ||
| 082 |
_b26486 _a294.563 थ 91 |
||
| 100 | _aजोशी विनायक नारायण. | ||
| 245 | _aसार्थ श्री ज्ञानेश्वरी. | ||
| 260 |
_bयशोधन प्रकाशन,पुणे. _c1991 |
||
| 300 |
_a1104 _b--- |
||
| 365 | _b125 | ||
| 520 | _aधर्म-संत संहित्य. | ||
| 630 | _aसार्थ श्री ज्ञानेश्वरी. | ||
| 650 | _aधर्म-संत संहित्य. | ||
| 730 | _aसार्थ श्री ज्ञानेश्वरी. | ||
| 942 | _cBOOK | ||
| 999 |
_c775599 _d775596 |
||